Bird Families of the World Part 1 - Statistics

General Stats
  • This quiz has been taken 51 times
  • The average score is 55 of 108
Answer Stats
Order Family Number of Species % Correct
Charadriidae 67
93%
Pelecaniformes Pelecanidae 8
93%
Gruidae 15
89%
Strigidae 216
89%
Anatidae 174
82%
Picidae 234
82%
Sulidae 10
82%
Accipitridae 250
79%
??? Falconidae 66
79%
Psittacidae 173
79%
??? Rheidae 2
79%
Caprimulgidae 98
75%
Coraciidae 13
75%
Apodidae 112
71%
??? Struthionidae 2
71%
Bucerotidae 59
68%
??? Columbidae 348
68%
Pandionidae 1
68%
??? Casuariidae 4
64%
Eurypygidae 1
64%
Laridae 97
64%
Procellariidae 96
64%
??? Apterygidae 5
61%
Procellariiformes Diomedeidae 15
61%
Galbulidae 18
61%
??? Gaviidae 5
61%
Strigiformes Tytonidae 18
61%
Alcidae 25
57%
Anseranatidae 1
57%
??? Cathartidae 7
57%
??? Phoenicopteridae 6
57%
Rallidae 159
57%
Accipitriformes Sagittariidae 1
57%
??? Spheniscidae 18
57%
??? Tinamidae 46
57%
Trochilidae 349
57%
??? Ciconiidae 19
54%
??? Cuculidae 147
54%
Suliformes Fregatidae 5
54%
Phalacrocoracidae 40
54%
Phasianidae 180
54%
Recurvirostridae 9
54%
Ardeidae 68
50%
Balaenicipitidae 1
50%
Cacatuidae 21
50%
Heliornithidae 3
50%
Meropidae 28
50%
Odontophoridae 33
50%
??? Phaethontidae 3
50%
??? Podicipedidae 22
50%
Ramphastidae 36
50%
Scolopacidae 96
50%
Bucerotiformes Upupidae 3
50%
Alcedinidae 118
46%
Anseriformes Anhimidae 3
46%
Aramidae 1
46%
Haematopodidae 12
46%
Ibidorhynchidae 1
46%
??? Musophagidae 23
46%
Numididae 6
46%
Caprimulgiformes Podargidae 16
46%
Eurypygiformes Rhynochetidae 1
46%
Scopidae 1
46%
Stercorariidae 7
46%
Anhingidae 4
43%
??? Coliidae 6
43%
??? Mesitornithidae 3
43%
??? Opisthocomidae 1
43%
Pedionomidae 1
43%
Psittaculidae 189
43%
Rostratulidae 3
43%
Threskiornithidae 36
43%
Aegothelidae 10
39%
Jacanidae 8
39%
??? Leptosomidae 1
39%
Nyctibiidae 7
39%
Oceanitidae 9
39%
Pluvianellidae 1
39%
Pluvianidae 1
39%
Psophiidae 3
39%
??? Pteroclidae 16
39%
Steatornithidae 1
39%
??? Trogonidae 43
39%
Turnicidae 17
39%
Burhinidae 10
36%
??? Cariamidae 2
36%
Charadriiformes Chionidae 2
36%
Cracidae 54
36%
Dromadidae 1
36%
Hemiprocnidae 4
36%
Hydrobatidae 18
36%
Piciformes Lybiidae 41
36%
Megalaimidae 34
36%
Galliformes Megapodiidae 22
36%
Momotidae 14
36%
??? Otididae 26
36%
Gruiformes Sarothruridae 11
36%
Psittaciformes Strigopidae 4
36%
Thinocoridae 4
36%
Galbuliformes Bucconidae 36
32%
Bucorvidae 2
32%
Capitonidae 14
32%
Indicatoridae 17
32%
Phoeniculidae 8
32%
Semnornithidae 2
32%
Brachypteraciidae 5
29%
Glareolidae 17
29%
Coraciiformes Todidae 5
29%
No matching quizzes found
Score Distribution
Percent of People with Each Score
Percentile by Number Answered
Your Score History
You have not taken this quiz